Психические функции в процессе перевода. Внимание; Коммуникативные аспекты языка и культуры; Ч. 1

Podrobná bibliografie
Parent link:Коммуникативные аспекты языка и культуры: сборник материалов XV Международной научно-практической конференции студентов и молодых ученых, г. Томск, 19-21 мая 2015 г./ Национальный исследовательский Томский политехнический университет (ТПУ) ; ред. кол. С. А. Песоцкая ; О. А. Казакова ; О. В. Седельникова.— , 2015
Ч. 1.— 2015.— [С. 91-95]
Hlavní autor: Марихина И. А.
Další autoři: Нагель О. В. (научный руководитель)
Shrnutí:Заглавие с титульного экрана
Jazyk:ruština
Vydáno: 2015
Edice:Теория и практика перевода
Témata:
On-line přístup:http://www.lib.tpu.ru/fulltext/c/2015/C77/V1/024.pdf
Médium: MixedMaterials Elektronický zdroj Kapitola
KOHA link:https://koha.lib.tpu.ru/cgi-bin/koha/opac-detail.pl?biblionumber=617985

MARC

LEADER 00000naa2a2200000 4500
001 617985
005 20231101133004.0
035 |a (RuTPU)RU\TPU\conf\16346 
035 |a RU\TPU\conf\16345 
090 |a 617985 
100 |a 20160515d2015 k y0rusy50 ca 
101 0 |a rus 
102 |a RU 
105 |a y z 101zy 
135 |a drcn ---uucaa 
181 0 |a i  
182 0 |a b 
200 1 |a Психические функции в процессе перевода. Внимание  |f И. А. Марихина  |g науч. рук. О. В. Нагель  |d Mental functions in the translation process. Attention 
203 |a Текст  |c электронный 
225 1 |a Теория и практика перевода 
230 |a 1 компьютерный файл (pdf; 177 Кb) 
300 |a Заглавие с титульного экрана 
320 |a [Библиогр.: с. 95 (7 назв.)] 
337 |a Adobe Reader 
461 1 |0 (RuTPU)RU\TPU\conf\14267  |t Коммуникативные аспекты языка и культуры  |o сборник материалов XV Международной научно-практической конференции студентов и молодых ученых, г. Томск, 19-21 мая 2015 г.  |o в 3 ч.  |f Национальный исследовательский Томский политехнический университет (ТПУ) ; ред. кол. С. А. Песоцкая ; О. А. Казакова ; О. В. Седельникова  |d 2015 
463 0 |0 (RuTPU)RU\TPU\conf\14268  |t Ч. 1  |v [С. 91-95]  |d 2015 
510 1 |a Mental functions in the translation process. Attention  |z eng 
610 1 |a электронный ресурс 
610 1 |a переводы 
610 1 |a психические функции 
610 1 |a внимание 
610 1 |a тренинги 
610 1 |a иностранные языки 
610 1 |a переводческая деятельность 
700 1 |a Марихина  |b И. А. 
702 1 |a Нагель  |b О. В.  |4 727 
801 2 |a RU  |b 63413507  |c 20210216  |g RCR 
856 4 |u http://www.lib.tpu.ru/fulltext/c/2015/C77/V1/024.pdf 
942 |c BK